Siete mitos de la independencia de la Nueva Granada (1810-1819) : imágenes, imaginarios y politización de la historia /

Detalles Bibliográficos
Autor principal: Rodríguez Vargas, Hernán (Autor)
Formato: Electrónico eBook
Lenguaje:español
Publicado: Bogotá, D.C. : Editorial Pontificia Universidad Javeriana, [2023]
Edición:Primera edición.
Materias:
Acceso en línea:Digitalia Hispánica

MARC

LEADER 00000nam a2200000 i 4500
001 DIGEPUJ0453
003 NyNyDIG
007 cr |||||||||||
008 241212s2023 ck ah ob 000 0 spa d
006 m o d
035 |a (OCoLC)1456762281 
040 |a DGITA  |b eng  |e rda  |e pn  |c DGITA 
020 |a 9789587818604  |q (digital) 
020 |z 9789587818598  |q (impreso) 
024 7 |a 10.11144/Javeriana.9789587818604  |2 doi 
043 |a s-ck---  
050 1 4 |a F2274 ebook 
100 1 |a Rodríguez Vargas, Hernán,  |e author. 
245 1 0 |a Siete mitos de la independencia de la Nueva Granada (1810-1819) :  |b imágenes, imaginarios y politización de la historia /  |c Hernán Rodríguez Vargas. 
246 3 |a 7 mitos de la independencia de la Nueva Granada (1810-1819) 
250 |a Primera edición. 
264 1 |a Bogotá, D.C. :  |b Editorial Pontificia Universidad Javeriana,  |c [2023] 
300 |a 1 online resource :  |b color illustrations, facsimiles. 
336 |a text  |b txt  |2 rdacontent 
337 |a computer  |b c  |2 rdamedia 
338 |a online resource  |b cr  |2 rdacarrier 
347 |a text file  |2 rdaft 
347 |b PDF 
347 |b EPUB 
504 |a Includes bibliographical references. 
588 0 |a Online resource; title from PDF title page (Digitalia, viewed December 12, 2024) 
651 0 |a Colombia  |x History  |y War of Independence, 1810-1822. 
651 0 |a Colombia  |x History  |y War of Independence, 1810-1822  |x Historiography. 
791 2 |a Digitalia (Firm),  |e distributor. 
793 0 |g Digitalia eBook Collection:  |a Pontificia Universidad Javeriana 
776 0 8 |i Print version:  |a Rodríguez Vargas, Hernán.  |t Siete mitos de la independencia de la Nueva Granada (1810-1819).  |b Primera edición.  |d Bogotá, D.C. : Editorial Pontificia Universidad Javeriana, [2023]  |z 9789587818598 
856 4 0 |3 Digitalia Hispánica  |u https://www.digitaliapublishing.com/a/160897/ 
910 |a Premium collection: 2024